Länder, die Serbien am Nächsten Liegen - Eine Minute Sprint - Statistiken

Allgemein
  • Dieses Quiz wurde 91 mal gespielt
  • Das Durchschnittsergebnis liegt bei 15 aus 20
Antwortstatistiken
Km Land % Korrekt
0 Bosnien und Herzegowina
93%
0 Kosovo
93%
38 Albanien
91%
0 Kroatien
91%
187 Slowenien
91%
0 Montenegro
90%
0 Ungarn
90%
0 Bulgarien
84%
114 Griechenland
83%
218 Österreich
83%
0 Rumänien
83%
0 Mazedonien
77%
189 Slowakei
68%
311 Italien
65%
313 Türkei
65%
435 Moldawien
61%
485 Deutschland
54%
333 Tschechien
54%
284 Ukraine
54%
334 Polen
51%
Keine übereinstimmenden Quizze gefunden
Verteilung der Resultate
Anzahl Personen mit jedem Resultat
Perzentil nach korrekt beantworteten Fragen
Ihre Resultats-Entwicklung
Sie haben dieses Quiz noch nicht gespielt